All Polish Wars - Statistics

General Stats
  • This quiz has been taken 31 times
  • The average score is 79 of 196
Answer Stats
Years War % Correct
1136 | 1163 Raid on Rus
95%
1918-1919 Soviet Westward Offensive
95%
1013 Expedition to Kievan Rus
90%
1812 French Invasion of Russia
90%
1561-1570 Russo-Lithuanian War
90%
1654-1667 Russo-Polish War
90%
1914-1918 WW1
90%
1939-1945 WW2
90%
1003-1005 | 1007-1013 | 1015-1018 | 1028-1031 German-Polish War
86%
1792 Polish-Russian War
86%
1809 Austro-Polish War
81%
1375-1377 | 1389-1396 | 1415-1419 | 1521-1526 Hungarian-Ottoman War
81%
2003-2011 Iraq War
81%
979-980 Otto's Raid
81%
1939-1947 Polish-Ukrainian Conflict
81%
1918-1919 Polish-Ukrainian War
81%
1500-1503 2nd Muscovite-Lithuanian War
76%
1764 Civil War
76%
1848 | 1918-1919 Greater Poland Uprising
76%
1389-1392 | 1432-1438 | 1697-1702 Lithuanian Civil War
76%
1512-1522 | 1534-1537 Muscovite-Lithuanian War
76%
1409-1411 Polish-Lithuanian-Teutonic War
76%
1919-1920 Polish-Lithuanian War
76%
1485-1503 | 1620-1621 | 1633-1634 | +2 others Polish-Ottoman War
76%
1563-1568 | 1600-1611 | 1617-1618 | +2 others Polish-Swedish War
76%
1968 Invasion of Czechoslovakia
71%
1919 Polish-Czechoslovak War
71%
1345-1348 Polish-Czech War
71%
981 Vladimir the Great's Polish Campaign
71%
1587-1588 | 1733-1735 War of Polish Succession
71%
2007-2021 War in Afghanistan
67%
1234 Polish-Teutonic Crusade
57%
1132 Expedition to Hungary
52%
1060 | 1074 Hungarian Succession Crisis
52%
1219-1221 Polish–Hungarian–Ruthenian War
52%
1919 1st Silesian Uprising
48%
1798-1802 2nd Coalition
48%
1920 2nd Silesian Uprising
48%
1803-1806 3rd Coalition
48%
1806-1807 4th Coalition
48%
1809 5th Coalition
48%
1812-1814 6th Coalition
48%
1291-1292 Campaign to Lesser Poland
48%
1438 Invasion of Silesia
48%
1593-1606 Long Turkish War
48%
1808-1814 Peninsular War
48%
1038 | 1092 | 1101 | +4 others Raid on Poland
48%
1047 | 1050 | 1093 | 1096 Raid on Silesia
48%
1132-1135 Raids on Silesia
48%
1277 Silesian Civil War
48%
1288-1290 War for Lesser Poland
48%
1093-1100 | 1103-1108 | 1273-1274 | 1381-1385 Civil War
43%
1990-1991 Gulf War
43%
1326-1332 | 1431-1435 | 1519-1521 Polish-Teutonic War
43%
1154-1155 Crusade to Palestine
38%
1069-1071 Expedition to Kiev
38%
1109 | 1300 | 1431 Expedition to Poland
38%
1070-1071 Invasion of Poland
38%
1018 Kievan Succession Crisis
38%
1241 1st Mongol Invasion
33%
1259-1260 2nd Mongol Invasion
33%
1287-1288 3rd Mongol Invasion
33%
1072 Attack on Bohemia
33%
1387 Conquest of Moldavia
33%
1108 | 1110 Expedition to Bohemia
33%
1595 | 1607 | 1615-1616 Expedition to Moldavia
33%
1700-1721 Great Northern War
33%
1551 | 1552 Intervention in Moldavia
33%
1280 Krakow Campaign
33%
1846 Krakow Uprising
33%
1577-1583 Livonian Campaign
33%
1655-1660 Northern War
33%
1305-1312 | 988-990 Polish-Bohemian War
33%
1530-1538 Polish-Moldavian War
33%
1120-1125 Polish–Ruthenian War
33%
1103 War with Bohemia
33%
1575-1577 Danzig Rebellion
29%
1606 Moscow Uprising
29%
1507-1507 Muscovite-Lithuanian War
29%
1102-1109 | 1112-1113 | 1114-1119 Conquest of Pomerania
24%
1092 Expedition to Moravia
24%
1090-1091 | 1124-1125 | 1128 Expedition to Pomerania
24%
1218 | 1323 Expedition to Ruthenia
24%
1213-1214 Galician Campaign
24%
1340-1392 Galicia-Volhynia Wars
24%
1129 Intervention in Pomerania
24%
1265-1278 Polish–Brandenburgian War
24%
1666-1671 Polish-Cossack-Tatar War
24%
1609-1618 Polish-Muscovite War
24%
1326 Raid on Brandenburg
24%
1443-1444 Crusade of Varna
19%
1199 Expedition to Halych
19%
1632-1634 Smolensk War
19%
1944-1953 Anti-Communist Resistance
14%
1022 Attack on Brest
14%
1863-1864 January Uprising
14%
1648-1657 Khmelnytsky Uprising
14%
1830-1831 November Uprising
14%
995 Polabian Expedition
14%
1905-1907 Revolution of 1905
14%
1182-1183 War for Brest
14%
1147 Wendish Crusade
14%
1605 1st Dimitriad
10%
1607-1609 2nd Dimitriad
10%
1225-1229 2nd War for Lubusz
10%
1537 Chicken War
10%
1797 Denisko Uprising
10%
991 Expedition against Veleti
10%
1550 Expedition to Bar
10%
1157 Expedition to Glogow
10%
1127 Expedition to Masovia
10%
1206 | 1207 Expedition to Volodymyr
10%
963 Gero's Raid
10%
1476-1482 Glogow Succession
10%
1422 Golub War
10%
1734 | 1750 Haidamak Uprising
10%
1414 Hunger War
10%
1919 Januszajtis putsch
10%
1945 Kornica Uprising
10%
1591 Kosinski Uprising
10%
1932 Lesko Uprising
10%
1926 May Coup
10%
1311-1312 Mayor Albert's Rebellion
10%
1594-1596 Nalyvaiko Uprising
10%
1949-1955 Operation Jungle
10%
1638 Ostryanyn Uprising
10%
1702-1704 Paliy Uprising
10%
1637-1638 Pavlyuk Uprising
10%
963-967 Polish-Venetian War
10%
1017 Raid of Gord
10%
1439 Spytko's Rebellion
10%
1635 Sulyma Uprising
10%
1454-1466 Thirteen Years War
10%
1425-1427 Uckermark War
10%
1945 Walce Uprising
10%
1598-1599 War against Sigismund
10%
1467-1479 War of the Priests
10%
1625 | 1630 Zhmaylo Uprising
10%
1269-1272 Civil War in Pomeralia
5%
1229 Expedition to Kalisz
5%
989 Invasion of Slavonians
5%
1665-1666 Lubomirski's Rebellion
5%
1038-1047 Mieclaws Rebellion
5%
2013-2014 Operation Serval
5%
1502-1510 Polish-Moldavian War
5%
1117 Skarbimir's Rebellion
5%
No matching quizzes found
Score Distribution
Percent of People with Each Score
Percentile by Number Answered
Your Score History
You have not taken this quiz